000 00957nam a2200181Ia 4500
008 151202s9999||||xx |||||||||||||| ||und||
082 _bPNVM-43440
100 _aघटाटे ना.मा.
245 _aपंतप्राान अटलबिहारी वाजपेयी अयक्ष महोदय ? (संसदेतील भाषणे).
260 _b"साहित्य प्रसार केंद्र ,नागपूर."
260 _c2000
300 _a192
600 _aघटाटे ना.मा.
630 _aपंतप्राान अटलबिहारी वाजपेयी अयक्ष महोदय ? (संसदेतील भाषणे).
700 _aघटाटे ना.मा.
730 _aपंतप्राान अटलबिहारी वाजपेयी अयक्ष महोदय ? (संसदेतील भाषणे).
942 _cBOOK
999 _c1309392
_d1309389